00371 2200157 4500001002100000005001500021035002000036245004400056100002400100250000600124300001100130260003800141082000800179084001400187990001200201INLIS00000000000242620250604100210 a0010-06250000121 aStroberi /cDr. Ir. Livi Winata Gunawan0 aLivi Winata Gunawan a1 a81 hlm aJakarta :bPenebar Swadaya,c2008 a600 a600 LIV s a0712282